Normal view
MARC view
- Gardezi, Syeda Hania Zainab
Entry Personal Name
001 - CONTROL NUMBER
- control field: 134427
003 - CONTROL NUMBER IDENTIFIER
- control field: NUST
005 - DATE AND TIME OF LATEST TRANSACTION
- control field: 20260513113819.0
008 - FIXED-LENGTH DATA ELEMENTS
- fixed length control field: 260513|| aca||aabn | a|a d
040 ## - CATALOGING SOURCE
- Original cataloging agency: NUST
- Transcribing agency: NUST
100 ## - HEADING--PERSONAL NAME
- Personal name: Gardezi, Syeda Hania Zainab
670 ## - SOURCE DATA FOUND
- Source citation: Work cat.: (NUST): Gardezi, Syeda Hania Zainab, Do Women Who Accept Intimate Partner Violence (IPV) Also Endorse Harsh Discipline of Children? Evidence From Punjab, Pakistan/
